000
00230nam a22000857a 4500
008
161022b xxu||||| |||| 00| 0 eng d
100
_9
930
_a
Bhattacharya.B.
245
_a
Gandhi The Writer
260
_a
New Delhi
_b
N.B.T. publications
_c
2009
999
_c
3585
_d
3585